The family stone / (Record no. 22550)

000 -LEADER
fixed length control field 01274nam a22003377a 4500
005 - DATE AND TIME OF LATEST TRANSACTION
control field 20260416111322.0
008 - FIXED-LENGTH DATA ELEMENTS--GENERAL INFORMATION
fixed length control field 260416b xxu||||| |||| 00| 0 eng d
040 ## - CATALOGING SOURCE
Transcribing agency Cagayan State University
082 ## - DEWEY DECIMAL CLASSIFICATION NUMBER
Classification number 791.4372
Item number T3743 2005
245 ## - TITLE STATEMENT
Title The family stone /
Statement of responsibility, etc directed and written by Thomas Bezucha; produced by Michael London.
260 ## - PUBLICATION, DISTRIBUTION, ETC. (IMPRINT)
Place of publication, distribution, etc California :
Name of publisher, distributor, etc 20th Century Fox,
Date of publication, distribution, etc 2005.
300 ## - PHYSICAL DESCRIPTION
Extent 1 videofile, (ca. 103 mins.) :
Other physical details sound, color.
500 ## - GENERAL NOTE
General note Summary derived from IMDb Web site.
520 ## - SUMMARY, ETC.
Summary, etc An uptight businesswoman accompanies her boyfriend to his eccentric and outgoing family's annual Christmas celebration and finds that she's a fish out of water in their free-spirited way of life.
546 ## - LANGUAGE NOTE
Language note In English language.
650 ## - SUBJECT ADDED ENTRY--TOPICAL TERM
Topical term or geographic name as entry element Comedy.
650 ## - SUBJECT ADDED ENTRY--TOPICAL TERM
Topical term or geographic name as entry element Drama.
650 ## - SUBJECT ADDED ENTRY--TOPICAL TERM
Topical term or geographic name as entry element Romance.
655 ## - INDEX TERM--GENRE/FORM
Genre/form data or focus term Comedy-drama.
700 ## - ADDED ENTRY--PERSONAL NAME
Personal name Bezucha, Thomas, director and writer.
700 ## - ADDED ENTRY--PERSONAL NAME
Personal name London, Michael, producer.
700 ## - ADDED ENTRY--PERSONAL NAME
Personal name Ford, Jeffrey, editor.
700 ## - ADDED ENTRY--PERSONAL NAME
Personal name Danes, Claire, star.
700 ## - ADDED ENTRY--PERSONAL NAME
Personal name Keaton, Diane, star.
700 ## - ADDED ENTRY--PERSONAL NAME
Personal name McAdams, Rachel, star.
700 ## - ADDED ENTRY--PERSONAL NAME
Personal name Wilson, Luke, star.
700 ## - ADDED ENTRY--PERSONAL NAME
Personal name Craig, Nelson, star.
700 ## - ADDED ENTRY--PERSONAL NAME
Personal name Mulroney, Dermot, star.
700 ## - ADDED ENTRY--PERSONAL NAME
Personal name Parker, Sarah Jessica, star.
942 ## - ADDED ENTRY ELEMENTS (KOHA)
Source of classification or shelving scheme
Item type Audio-Visual Materials
Holdings
Source of acquisition Price effective from Permanent location Date last seen Not for loan Date acquired Source of classification or shelving scheme Koha item type Collection code Shelving location Damaged status Lost status Withdrawn status Current location Full call number
Donation2026-04-16Cagayan State University - Carig Library2026-04-16 2026-04-16 Audio-Visual MaterialsElectronic Media CenterAudio Visual   Cagayan State University - Carig Library791.4372 T3743 2005

Cagayan State University University Library, Carig Campus
Tuguegarao City, Cagayan 3500 | www.csucarig.edu.ph

Powered by Koha